[Event "Summer Cup"]
[Site "Wellington Chess Club"]
[Date "2023.03.02"]
[Round "4.32"]
[White "Dutt, Rishay"]
[Black "Schwalger, Harry"]
[Result "0-1"]
[WhiteElo "1000"]
[BlackElo "1500"]

1. d4 d5 2. Bf4 Nf6 3. Nf3 h6 4. Nc3 g5 5. Bg3 Bg7 6. e3 g4 7. Be5 gxf3 8. Bxf6
Bxf6 9. e4 fxg2 10. Bxg2 dxe4 11. Nxe4 Qxd4 12. Qe2 Bg7 13. -- {White played
0-0-0 which is illegal.} 13... Qxb2 14. Kd2 Nc6 15. Rab1 Qxa2 16. Nc5 Qa5+ 17.
c3 Qxc3+ 18. Kd1 Qxc5 19. Re1 Bf5 20. Rc1 O-O-O+ 21. Qd2 Rxd2+ 22. Kxd2 Rd8+
23. Ke2 Qb5+ 24. Ke3 Qd3+ 25. Kf4 Rd4+ 26. Re4 Rxe4+ 27. Kxf5 Rc4+ 0-1

[Event "Summer Cup"]
[Site "Wellington Chess Club"]
[Date "2023.03.02"]
[Round "4.33"]
[White "Hall, Corey"]
[Black "Osborne, Geoff"]
[Result "0-1"]
[WhiteElo "1000"]
[BlackElo "1468"]

1. d4 Nf6 2. c4 g6 3. Nc3 Bg7 4. e4 d6 5. Nf3 O-O 6. Be2 e5 7. Be3 c6 8. O-O
Ne8 9. d5 c5 10. Qd2 f5 11. Bh6 Qe7 12. Qg5 Qxg5 13. Bxg5 Rf7 14. Bd2 h6 15.
Ne1 f4 16. Nd3 Nf6 17. b4 b6 18. a4 a6 19. a5 Nbd7 20. f3 Ne8 21. Na4 Rb8 22.
Rab1 Bf8 23. bxc5 bxc5 24. Nb6 Nxb6 25. Rxb6 Rxb6 26. axb6 Rb7 27. Ba5 Nf6 28.
g3 g5 29. Kg2 Nd7 30. Rb1 Be7 31. Nf2 Bd8 { [%cal Gf2g4] } 32. Ng4 Kg7 33. Be1
Rxb6 34. Rd1 Rb8 35. h4 a5 36. hxg5 hxg5 37. Bd3 Ra8 38. Bc3 a4 39. Rh1 Nb6 40.
Nh6 a3 41. Nf5+ Bxf5 42. exf5 Na4 43. Ba1 Ba5 44. Bc2 Nb2 45. Rh5 Nxc4 46.
Rxg5+ Kf6 47. gxf4 Ne3+ 48. Kg3 Nxc2 49. fxe5+ dxe5 50. Kg4 Nxa1 51. Rg6+ Kf7
52. Kg5 Rg8 53. d6 Bd8+ 54. Kh6 Rxg6+ 55. fxg6+ Kg8 0-1

[Event "Summer Cup"]
[Site "Wellington Chess Club"]
[Date "2023.03.09"]
[Round "5.1"]
[White "Croad, Nicolas"]
[Black "Winter, Ryan"]
[Result "1-0"]
[WhiteElo "2442"]
[BlackElo "2209"]

1. e4 c6 2. d4 d5 3. Nd2 dxe4 4. Nxe4 Nd7 5. Ng5 Ngf6 6. Bd3 e6 7. N1f3 Bd6 8.
Qe2 h6 9. Ne4 Nxe4 10. Qxe4 Qc7 11. Bd2 b6 12. c4 Bb7 13. O-O Nf6 14. Qe2 O-O
15. Bc3 Rfe8 16. Rad1 Nd7 17. Ne5 Nf8 18. f4 c5 19. dxc5 Bxc5+ 20. Kh1 Rad8 21.
Qg4 f5 22. Qg3 Bd4 23. Bc2 Bxc3 24. Qxc3 Rxd1 25. Rxd1 Rd8 26. Rd4 g5 27. fxg5
hxg5 28. Qd2 Rxd4 29. Qxd4 Qc5 30. Qxc5 bxc5 31. Ba4 Be4 32. b4 cxb4 33. c5 Bb7
34. Nc4 Kg7 35. Nd6 Ba6 36. c6 Ng6 37. Bb5 Bxb5 38. Nxb5 a5 39. Kg1 Ne7 40. c7
Kf6 41. Kf2 Ke5 42. Na7 Ke4 43. Ke2 a4 44. Kd2 f4 45. Nc6 Nc8 46. Nxb4 e5 47.
h3 f3 48. g3 Nd6 49. Ke1 Ke3 50. Nd5+ Kd4 51. Ne7 Kd3 52. Kf2 Ke4 53. c8=Q Nxc8
54. Nxc8 Kd3 55. Nd6 e4 56. Nf5 Kc2 57. h4 1-0

[Event "Summer Cup"]
[Site "Wellington Chess Club"]
[Date "2023.03.09"]
[Round "5.2"]
[White "Dive, Russell"]
[Black "Ker, Anthony"]
[Result "1/2-1/2"]
[WhiteElo "2350"]
[BlackElo "2425"]

1. Nf3 c5 2. c4 g6 3. Nc3 Bg7 4. g3 Nc6 5. Bg2 d6 6. O-O e5 7. d3 Nge7 8. Ne1
Be6 9. Nc2 d5 10. cxd5 Nxd5 11. Ne3 Nde7 12. Ne4 b6 13. Qa4 Rc8 14. Nc4 O-O 15.
Ned6 Rc7 16. Bg5 f6 17. Bd2 Qd7 18. f4 exf4 19. Bxf4 Nd5 20. Bd2 Nd4 21. Qxd7
Rxd7 22. Rae1 b5 23. Ne4 Rc8 24. Ncd6 Rcd8 25. e3 Nc2 26. Nxb5 Nxe1 27. Rxe1
Bf8 28. Rc1 Rc8 29. b4 a6 30. Nd4 Bf7 31. bxc5 f5 32. c6 Rdc7 33. Ng5 Nb4 34.
Nxf7 Kxf7 35. Rc4 Nxd3 36. Bd5+ Kf6 37. Ne6 Bd6 38. e4 fxe4 39. Rxe4 g5 40.
Nxc7 Bxc7 41. Re6+ Kf5 42. Kg2 (42. g4+ $3 Kxg4 43. Rf6 $3 {Threatening both
Bf3 followed by Rh6 mate and Be6+ winning a rook} ) 42... Rd8 43. Bc4 Ne5 44.
g4+ Kxg4 45. Bc3 Nxc4 46. Re4+ Kf5 47. Rxc4 Rd3 48. Rc5+ Ke6 49. Ba5 Kd6 50.
Rxg5 Kxc6 51. Bxc7 Kxc7 52. a4 Ra3 53. Rg7+ Kd6 54. Rxh7 1/2-1/2

[Event "Summer Cup"]
[Site "Wellington Chess Club"]
[Date "2023.03.09"]
[Round "5.3"]
[White "Van der Hoorn, Thomas"]
[Black "Cilia Vincenti, David"]
[Result "1-0"]
[WhiteElo "2068"]
[BlackElo "2136"]

1. e4 c5 2. Nf3 e6 3. d4 cxd4 4. Nxd4 Nf6 5. Nc3 Nc6 6. Nxc6 bxc6 7. e5 Nd5 8.
Ne4 Bb7 9. Be2 c5 10. O-O Ne3 11. Bxe3 Bxe4 12. Bf3 Bxf3 13. Qxf3 Rb8 14. b3
Be7 15. Qg4 g6 16. Bh6 Bf8 17. Bxf8 Kxf8 18. Rad1 Kg7 19. Qa4 Rb7 20. Rd6 Qe7
21. Rfd1 Rd8 22. Qc4 Rc8 23. a4 Rcc7 24. g3 Qg5 25. Qe4 Rb4 26. Qe1 Qf5 27. Qc3
Rbb7 28. a5 h5 29. h4 Qe4 30. a6 Rb6 31. Rxb6 axb6 32. Rd6 b5 33. Qa5 Rc8 34.
Rxd7 Qxc2 35. Qxb5 Qb1+ 36. Kh2 Qf5 37. Qe2 Qb1 38. Qd3 Qxd3 39. Rxd3 Ra8 40.
Rd6 Ra7 41. Kg2 Kh6 42. f4 Kg7 43. Kf3 Kf8 44. Ke3 Ke7 45. Kd3 Ra8 46. Kc4 1-0

[Event "Summer Cup"]
[Site "Wellington Chess Club"]
[Date "2023.03.09"]
[Round "5.4"]
[White "Jackson, Ross"]
[Black "Forster, Bill"]
[Result "1-0"]
[WhiteElo "1885"]
[BlackElo "2053"]

1. d4 g6 2. c4 Nf6 3. Nc3 d5 4. cxd5 Nxd5 5. Nf3 Bg7 6. e3 O-O 7. Bc4 Nb6 8.
Be2 N8d7 9. O-O Nf6 10. e4 c6 11. h3 Qc7 12. Be3 Be6 13. Nd2 Rad8 14. Qc1 Qb8
15. a4 Rc8 16. a5 Nbd7 17. f4 Rfd8 18. Qe1 Nf8 19. g4 Bd7 20. Qf2 Be8 21. f5 e5
22. d5 cxd5 23. Bxa7 Qd6 24. Bb6 Rxc3 25. bxc3 Rc8 26. exd5 Nxd5 27. Ne4 Qc6
28. Bf3 Nf4 29. Qg3 Qxe4 30. Bxe4 Ne2+ 31. Kf2 Nxg3 32. Kxg3 Rxc3+ 33. Rf3 Rc6
34. Bxc6 Bxc6 35. f6 Bh6 36. Rff1 Nd7 37. h4 Bf4+ 38. Rxf4 exf4+ 39. Kxf4 Nxf6
40. Rc1 Kf8 41. g5 Nd5+ 42. Ke5 Ke7 43. Rd1 Nxb6 44. axb6 Bd7 45. Rc1 1-0

[Event "Summer Cup"]
[Site "Wellington Chess Club"]
[Date "2023.03.09"]
[Round "5.5"]
[White "Young, Cohen"]
[Black "Hall, Nathan"]
[Result "1-0"]
[WhiteElo "1994"]
[BlackElo "1922"]

1. e4 e6 2. d4 d5 3. Nc3 Nf6 4. Bg5 Be7 5. e5 Nfd7 6. Bxe7 Qxe7 7. f4 a6 8. Nf3
c5 9. dxc5 Nc6 10. a3 Qxc5 11. Qd2 b5 12. b4 Qe7 13. Bd3 Bb7 14. O-O Nb6 15.
Qf2 Nc4 16. Ne2 g6 17. Ned4 Nxd4 18. Nxd4 Rc8 19. a4 bxa4 20. Rxa4 O-O 21. Rb1
f6 22. Qh4 Qd7 23. b5 fxe5 24. bxa6 Qxa4 25. axb7 Rb8 26. Nxe6 Qa7+ 27. Qf2
Qxf2+ 28. Kxf2 Rf6 29. Bxc4 dxc4 30. Nc5 Rxf4+ 31. Ke3 Rf7 32. Ke4 Rc7 33. Kd5
Kf7 34. Kd6 Rxc5 35. Kxc5 e4 36. Kc6 1-0

[Event "Summer Cup"]
[Site "Wellington Chess Club"]
[Date "2023.03.09"]
[Round "5.6"]
[White "Winsley, Nicholas"]
[Black "Thirkell, Zachary"]
[Result "1-0"]
[WhiteElo "1942"]
[BlackElo "1885"]

1. e4 c6 2. d4 d5 3. Nc3 dxe4 4. Nxe4 Bf5 5. Ng3 Bg6 6. c3 Nf6 7. h4 h6 8. Nf3
e6 9. Bc4 Bd6 10. h5 Bh7 11. Ne2 Qc7 12. Bd3 Bxd3 13. Qxd3 Nbd7 14. Rh4 e5 15.
dxe5 Nxe5 16. Nxe5 Bxe5 17. Be3 Rd8 18. Qf5 Rd5 19. Qc2 O-O 20. f4 Bd6 21. Bd4
Qe7 22. O-O-O b5 23. Bxf6 Rxd1+ 24. Qxd1 Qxf6 25. Rg4 Rd8 26. Qd4 Qxd4 27. Nxd4
Bc5 28. Nf5 Kh8 29. Rxg7 Rd7 30. Rg3 Rd5 31. Nxh6 Rxh5 32. Nxf7+ Kh7 33. Ng5+
Kh6 34. Rh3 Rxh3 35. Nxh3 Kh5 36. Kd2 Kg4 37. Kd3 Kg3 38. Ke4 Kxg2 39. Ng5 Be7
40. Ne6 c5 41. Kd5 Kf3 42. f5 Kg4 43. Ke5 Bh4 44. f6 c4 45. f7 Be7 46. f8=Q
Bxf8 47. Nxf8 a5 48. Kd5 Kf5 49. Kc5 b4 50. cxb4 axb4 51. Kxb4 1-0

[Event "Summer Cup"]
[Site "Wellington Chess Club"]
[Date "2023.03.09"]
[Round "5.7"]
[White "Cooke, Xandi"]
[Black "Tanoi, Edward"]
[Result "1-0"]
[WhiteElo "1612"]
[BlackElo "1993"]

1. d4 d5 2. c4 c6 3. cxd5 cxd5 4. Nf3 Bg4 5. Ne5 Bf5 6. Nc3 Nf6 7. Bf4 a6 8. e3
e6 9. Qb3 Nbd7 10. Qxb7 Rb8 11. Qxa6 Nxe5 12. Bxe5 Rxb2 13. Bxf6 Qxf6 14. Bb5+
Kd8 15. Qa8+ Kc7 16. Qc6+ Kb8 17. Qb6+ Kc8 18. Ba6+ Kd7 19. Qxb2 Qg6 20. Qb7+
Kd8 21. Qb8+ Ke7 22. Qc7+ Kf6 23. Qe5+ Ke7 24. Nxd5+ Kd8 25. Qc7+ 1-0

[Event "Summer Cup"]
[Site "Wellington Chess Club"]
[Date "2023.03.09"]
[Round "5.8"]
[White "Aldridge, Alan"]
[Black "Hill, Ethan"]
[Result "1-0"]
[WhiteElo "1760"]
[BlackElo "1000"]

1. e4 d5 2. exd5 Nf6 3. c4 e6 4. dxe6 Bxe6 5. Nf3 c5 6. Nc3 Nc6 7. d3 Qd7 8.
Bf4 a6 9. Qd2 Be7 10. Be2 O-O 11. O-O Rfe8 12. Rad1 Rad8 13. a3 Nd4 14. Nxd4
cxd4 15. Ne4 Bf5 16. Nxf6+ Bxf6 17. Bf3 Bg4 18. Bxg4 Qxg4 19. Rfe1 Rxe1+ 20.
Rxe1 a5 21. Qe2 Qxe2 22. Rxe2 g5 23. Bc7 Ra8 24. Kf1 Ra7 25. Be5 Bg7 26. Bxg7
Kxg7 27. Re4 Ra6 28. Rxd4 Rb6 29. Rd5 Kf6 30. Rxa5 Rxb2 31. a4 Rb1+ 32. Ke2
Rb2+ 33. Ke3 Ke6 34. Rb5 Ra2 35. Rxg5 f5 36. Rg7 f4+ 37. Kf3 Ra3 38. Ke4 Ra2
39. f3 Re2+ 40. Kxf4 Kf6 41. Rxb7 Rxg2 42. Rxh7 Ra2 43. Ra7 Rxh2 44. a5 Ra2 45.
a6 Ra5 46. Ra8 Rf5+ 47. Ke4 Re5+ 48. Kd4 Re7 49. c5 Rd7+ 50. Kc4 Rf7 51. c6 Kf5
52. Kb5 Kf4 53. Kb6 Kf5 54. Rc8 1-0

[Event "Summer Cup"]
[Site "Wellington Chess Club"]
[Date "2023.03.09"]
[Round "5.9"]
[White "Scott, Callum"]
[Black "Keith, Matthew"]
[Result "0-1"]
[WhiteElo "1621"]
[BlackElo "1500"]

1. e4 c5 2. c3 Nf6 3. e5 Nd5 4. d4 Nc6 5. Nf3 d6 6. Bb5 Nc7 7. Bxc6+ bxc6 8.
dxc5 d5 9. c4 e6 10. Be3 Ba6 11. b3 dxc4 12. Nc3 Nd5 13. Ne4 Qa5+ 14. Bd2 c3
15. Nxc3 Nb4 16. Ne2 Qxc5 17. O-O Qb5 18. Ned4 Qxf1+ 19. Qxf1 Bxf1 20. Rxf1 c5
21. Nb5 Kd7 22. a3 Nd5 23. Ng5 f6 24. Nf3 Rb8 25. Nc3 Rxb3 26. Rb1 Rxb1+ 27.
Nxb1 Be7 28. Be1 Rb8 29. Nfd2 c4 0-1

[Event "Summer Cup"]
[Site "Wellington Chess Club"]
[Date "2023.03.09"]
[Round "5.10"]
[White "Brockway, Andrew"]
[Black "Dixon, Hamish"]
[Result "1-0"]
[WhiteElo "1662"]
[BlackElo "1720"]

1. e4 c5 2. Nc3 Nc6 3. f4 d6 4. Nf3 Nf6 5. Bc4 e6 6. d3 Be7 7. O-O O-O 8. Qe1
d5 9. Bb3 d4 10. Ne2 Na5 11. Ne5 Nxb3 12. axb3 Qc7 13. Qg3 Bd6 14. Nc4 Be7 15.
Bd2 b5 16. Ne5 Bd6 17. Nf3 Be7 18. Ng5 Nh5 19. Qg4 g6 20. f5 exf5 21. exf5 Nf6
22. Qh4 Bxf5 23. g4 Bxg4 24. Rxf6 h5 25. Rf2 Qe5 26. Qg3 Qd5 27. Ne4 f5 28. Ng5
h4 29. Qxh4 Bxg5 30. Qxg5 Qf7 31. Nf4 1-0

[Event "Summer Cup"]
[Site "Wellington Chess Club"]
[Date "2023.03.09"]
[Round "5.11"]
[White "Ulm, Joy"]
[Black "Frost, Paul"]
[Result "0-1"]
[WhiteElo "1654"]
[BlackElo "1799"]

1. d4 f5 2. c4 Nf6 3. Nc3 e6 4. Nf3 b6 5. Bf4 Bb7 6. e3 Be7 7. Bd3 O-O 8. O-O
d6 9. Nd2 Nbd7 10. Bg5 h6 11. Bh4 g5 12. Bg3 h5 13. h4 g4 14. f3 Rf7 15. e4 Nh7
16. fxg4 fxg4 17. Rxf7 Kxf7 18. Qf1+ Kg7 19. Qf2 a6 20. Rf1 Qg8 21. Qe3 Rf8 22.
Bf4 Kh8 23. e5 Bxh4 24. exd6 cxd6 25. Bxd6 Rxf1+ 26. Kxf1 Qf7+ 27. Kg1 Bg5 28.
Be5+ Nxe5 29. Qxe5+ Bf6 30. Qf4 Qd7 31. d5 e5 32. Qh6 Bg5 33. Qe6 Qxe6 34. dxe6
Bxd2 35. e7 Nf6 36. Nd5 Ne8 37. Bg6 Bc6 38. Bxe8 Bxe8 39. Nc7 Bg5 40. Nxe8 Bxe7
41. Nc7 a5 42. Kf2 h4 43. Nd5 Bc5+ 44. Kf1 Kg7 45. Nc3 Kg6 46. Ke2 Kf5 47. Kd3
h3 48. gxh3 gxh3 49. Ne2 Kg4 0-1

[Event "Summer Cup"]
[Site "Wellington Chess Club"]
[Date "2023.03.09"]
[Round "5.12"]
[White "Stoeveken, Peter"]
[Black "Howe, Alexander"]
[Result "1-0"]
[WhiteElo "1779"]
[BlackElo "1556"]

1. f4 e6 2. Nf3 d5 3. b3 Nf6 4. Bb2 Bd6 5. e3 c5 6. Be2 Nc6 7. O-O O-O 8. a3
Re8 9. Qe1 Nd7 10. Qg3 f6 11. Nh4 e5 12. Nf5 Bf8 13. Nh6+ 1-0

[Event "Summer Cup"]
[Site "Wellington Chess Club"]
[Date "2023.03.09"]
[Round "5.13"]
[White "Darr, Samuel"]
[Black "Keay, Matt"]
[Result "1-0"]
[WhiteElo "1569"]
[BlackElo "1757"]

1. e4 c6 2. d4 d5 3. e5 Bf5 4. Nf3 e6 5. Bd3 Bxd3 6. Qxd3 c5 7. c3 Nc6 8. O-O
c4 9. Qe2 Nge7 10. Bg5 Qc7 11. Nbd2 Nf5 12. Nh4 Nxh4 13. Bxh4 Ne7 14. b3 Nf5
15. Bg5 h6 16. Bf4 cxb3 17. Qb5+ Qc6 18. Qxc6+ bxc6 19. axb3 g5 20. Be3 Be7 21.
g4 Nh4 22. f4 Rg8 23. f5 exf5 24. gxf5 Kd7 25. Ra6 Kc7 26. f6 Kb7 27. Rfa1 Bd8
28. Kf1 g4 29. Bxh6 g3 30. hxg3 Rxg3 31. c4 Nf5 32. Bf8 Nxd4 33. Bc5 Nxb3 34.
Nxb3 Rxb3 35. Rxa7+ Rxa7 36. Rxa7+ Kc8 37. cxd5 cxd5 38. Rxf7 Rc3 39. Be7 Bxe7
40. Rxe7 Kd8 41. Ke2 Rc4 42. e6 Rf4 43. Rd7+ Ke8 44. f7+ Kf8 45. Rd8+ Ke7 46.
Re8+ Kd6 47. f8=Q+ Rxf8 48. Rxf8 Kxe6 49. Kd3 Ke5 50. Rh8 1-0

[Event "Summer Cup"]
[Site "Wellington Chess Club"]
[Date "2023.03.09"]
[Round "5.14"]
[White "Henrys, Francis"]
[Black "Lavender, Ariel"]
[Result "1-0"]
[WhiteElo "1728"]
[BlackElo "1512"]

1. e4 c5 2. Nc3 e6 3. Nf3 Nc6 4. Bc4 Nf6 5. d3 d5 6. Bb3 dxe4 7. Ng5 exd3 8.
cxd3 h6 9. Nge4 Be7 10. Be3 b6 11. Qf3 Bb7 12. Rd1 Nd4 13. Ba4+ Nd7 14. Nd6+
Bxd6 15. Qxb7 O-O 16. Qxd7 Qb8 17. Bxd4 cxd4 18. Ne4 Bb4+ 19. Ke2 Qe5 20. Bb3
f5 21. Qxe6+ Qxe6 22. Bxe6+ Kh8 23. a3 Rae8 24. Bxf5 Rxf5 25. axb4 Rb5 26. f4
Rxb4 27. Rd2 Rf8 28. Kf3 g5 29. g3 a5 30. h4 gxf4 31. gxf4 Rb5 32. Ng3 a4 33.
Ra1 Ra8 34. Ke4 Rb4 35. Nf5 Re8+ 36. Kf3 Rf8 37. Nxh6 Rb5 38. Rxa4 Rh5 39. Ng4
Rxh4 40. Rxd4 Rg8 41. Ne5 Rh3+ 42. Ke4 Rgg3 43. Rd8+ Kg7 44. d4 Kf6 45. Rd6+
Ke7 46. Rxb6 Re3+ 47. Kd5 Rh4 48. f5 Rhe4 49. f6+ Kd8 50. Kd6 1-0

[Event "Summer Cup"]
[Site "Wellington Chess Club"]
[Date "2023.03.09"]
[Round "5.15"]
[White "Coates, Alex"]
[Black "Hupert, Leo"]
[Result "1-0"]
[WhiteElo "1718"]
[BlackElo "1326"]

1. d4 d5 2. c4 e6 3. Nc3 Bb4 4. cxd5 exd5 5. Bf4 Bxc3+ 6. bxc3 Nf6 7. e3 a6 8.
Nf3 h6 9. Be2 Ne4 10. Rc1 g5 11. Bg3 Nc6 12. Qb3 Ne7 13. Nd2 Nxd2 14. Kxd2 b5
15. a4 c6 16. axb5 axb5 17. Ra1 Rxa1 18. Rxa1 O-O 19. Qb4 Nf5 20. Ra8 Nxg3 21.
hxg3 Qf6 22. Ke1 Rd8 23. Qa5 Qe7 24. Bg4 Bxg4 25. Qxd8+ Qxd8 26. Rxd8+ Kg7 27.
Rd6 Bf5 28. Rxc6 Bd3 29. f4 g4 30. Rc5 Bc4 31. Kf2 f6 32. Rc7+ Kg6 33. Rc8 Kf5
34. Re8 Kg6 35. e4 Kf7 36. Rd8 dxe4 37. Rd7+ Ke6 38. Rh7 Bd3 39. Rxh6 Kf7 40.
Ke3 Kg7 41. Rh1 f5 42. d5 Bc4 43. Kd4 Kf7 44. Ke5 e3 45. d6 e2 46. Kxf5 Be6+
47. Ke4 Kf6 48. Ke3 Bc4 49. Re1 Ke6 50. Rxe2 Bxe2 51. Kxe2 Kxd6 52. Kd3 Kc5 53.
f5 Kd5 54. f6 Ke6 55. Kd4 Kxf6 56. Kc5 Ke5 57. Kxb5 Ke4 58. c4 Ke3 59. c5 Kf2
60. c6 Kxg2 (60... Kxg3 61. c7 Kxg2 62. c8=Q g3 63. Kc4 Kh2 64. Qh8+ Kg1 65.
Kd3 g2 66. Ke3 Kf1 67. Qa1#) 61. c7 Kxg3 62. c8=Q 1-0

[Event "Summer Cup"]
[Site "Wellington Chess Club"]
[Date "2023.03.09"]
[Round "5.16"]
[White "Hunt, Liam"]
[Black "Sova, Leo"]
[Result "1-0"]
[WhiteElo "1673"]
[BlackElo "1000"]

1. f4 d5 2. Nf3 c5 3. e3 Nc6 4. Bb5 Qc7 5. d3 Nf6 6. O-O e6 7. Ne5 Bd7 8. Bxc6
Bxc6 9. b3 g6 10. Nxc6 Qxc6 11. Bb2 Bg7 12. Qe2 O-O 13. Nd2 Ne8 14. Bxg7 Nxg7
15. e4 Rad8 16. Rad1 b5 17. c4 dxc4 18. dxc4 a6 19. Qe3 f6 20. Nf3 Rd6 21. e5
Nf5 22. Rxd6 Nxd6 23. exd6 Qxd6 24. Qd2 Qc7 25. Rd1 Qb6 26. Qd6 Rb8 27. Qxb6
Rxb6 28. Kf2 Kf8 29. Ke3 Ke7 30. h4 h5 31. Nh2 f5 32. Nf3 bxc4 33. bxc4 Rb2 34.
Rd2 Rb7 35. Ne5 Kf6 36. Nd7+ 1-0

[Event "Summer Cup"]
[Site "Wellington Chess Club"]
[Date "2023.03.09"]
[Round "5.17"]
[White "Shepherd, Blake"]
[Black "Ashe, Michael"]
[Result "1-0"]
[WhiteElo "1566"]
[BlackElo "1659"]

1. d4 Nf6 2. c4 e6 3. g3 d5 4. Bg2 Bb4+ 5. Nd2 O-O 6. Nf3 c6 7. O-O Nbd7 8. a3
Ba5 9. b4 Bc7 10. e4 dxe4 11. Ng5 a5 12. b5 cxb5 13. cxb5 Nd5 14. Ndxe4 N7f6
15. Qc2 h6 16. Nxf6+ Nxf6 17. Ne4 Nxe4 18. Qxe4 Rb8 19. a4 b6 20. Rd1 Bb7 21.
Qg4 Qf6 22. Ba3 Rfd8 23. Rac1 Bd6 24. Rc3 Bxa3 25. Rxa3 Bxg2 26. Kxg2 Rbc8 27.
Rf3 Qe7 28. d5 Rc5 29. dxe6 Rxd1 30. Rxf7 Rd4 31. Qxg7# 1-0

[Event "Summer Cup"]
[Site "Wellington Chess Club"]
[Date "2023.03.09"]
[Round "5.18"]
[White "Sethuramalingam, Karthik"]
[Black "Evans, Oliver"]
[Result "1-0"]
[WhiteElo "1415"]
[BlackElo "1641"]

1. d4 d5 2. Bf4 c6 3. e3 g6 4. Bd3 Bg7 5. h4 Nd7 6. h5 c5 7. hxg6 hxg6 8. Rxh8
Bxh8 9. Qf3 c4 10. Qh3 Bg7 11. Qh7 Kf8 12. Be2 Ndf6 13. Qh2 Bf5 14. Bc7 Qd7 15.
c3 Rc8 16. Ba5 b6 17. Bb4 Qa4 18. Nd2 a5 19. Ba3 Qc6 20. Ngf3 Ng4 21. Qf4 Bh6
22. Qg3 Qc7 23. Qxc7 Rxc7 24. Nh4 Bg5 25. Nxf5 gxf5 26. Nf3 Bf6 27. Rc1 b5 28.
Bc5 Rb7 29. b4 a4 30. Nd2 Kg7 31. Nf1 e6 32. f3 N4h6 33. Ng3 Be7 34. Nh5+ Kh7
35. Kf2 Bxc5 36. dxc5 e5 37. Rd1 Kg6 38. g4 Nf6 39. Nxf6 Kxf6 40. Rxd5 Ng8 41.
Rd6+ Kg5 42. gxf5 Kxf5 43. Rb6 Rxb6 44. cxb6 Ne7 45. Bf1 Ke6 46. f4 exf4 47.
exf4 f5 48. Bg2 Kd7 49. Ke3 Kc8 50. Kd4 Ng6 51. Kc5 Ne7 52. Kxb5 1-0

[Event "Summer Cup"]
[Site "Wellington Chess Club"]
[Date "2023.03.09"]
[Round "5.19"]
[White "Katkodia, Ali"]
[Black "de Maupeou d'Ableiges, Alexandre"]
[Result "0-1"]
[WhiteElo "1415"]
[BlackElo "1641"]

1. e4 e5 2. Nf3 Nc6 3. Bc4 Nf6 4. d3 Bc5 5. O-O h6 6. Nbd2 d6 7. c3 Be6 8. Bxe6
fxe6 9. Qb3 Qc8 10. Qa4 O-O 11. Re1 a6 12. Nf1 Qe8 13. b4 Ba7 14. Qb3 Nh5 15.
Ng3 Nf4 16. Bxf4 exf4 17. Ne2 g5 18. h3 Qg6 19. d4 h5 20. Rad1 g4 21. Nh4 Qf6
22. hxg4 Qxh4 23. Qxe6+ Kg7 24. gxh5 Qxh5 25. Rd3 Rae8 26. Qc4 Rxe4 27. Rh3 Qg5
28. Qd3 Qg6 29. Kf1 Ne7 30. f3 Re6 31. Qd2 Qf7 32. Rh4 Nd5 33. Kf2 Rh6 34. Reh1
Rfh8 35. Rg4+ Kf8 36. Rxh6 Rxh6 37. c4 Nf6 38. Rxf4 Qxc4 39. Nc3 Ke7 40. Kg3
Nh5+ 41. Kg4 Qg8+ 0-1

[Event "Summer Cup"]
[Site "Wellington Chess Club"]
[Date "2023.03.09"]
[Round "5.21"]
[White "Webster, Jamie"]
[Black "Qu, Lucas"]
[Result "0-1"]
[WhiteElo "1686"]
[BlackElo "1358"]

1. e4 e5 2. Nf3 Nc6 3. Bb5 Bc5 4. c3 d6 5. O-O Bg4 6. h3 Bh5 7. g4 Bg6 8. d4
Bb6 9. Re1 a6 10. Ba4 Nf6 11. d5 Nxe4 12. Be3 Bxe3 13. Rxe3 b5 14. dxc6 bxa4
15. Qxa4 Nc5 16. Qd1 h5 17. Nbd2 hxg4 18. hxg4 Qf6 19. Nf1 Qf4 20. N3h2 Be4 21.
Qd2 Qxg4+ 22. Rg3 Qh4 23. Qg5 Qxg5 24. Rxg5 Ne6 25. Rg3 Bxc6 26. Rd1 g6 27. Ne3
Nf4 28. Rd2 O-O-O 29. f3 d5 30. Nhg4 d4 31. cxd4 Rxd4 32. Rc2 Bb5 33. Kf2 Nd3+
34. Kg1 f5 35. Nf6 f4 36. Ned5 Rxd5 37. Nxd5 fxg3 38. Rxc7+ Kb8 39. Rg7 Nf4 40.
Nxf4 exf4 41. Rxg6 Kc7 42. Kg2 Rh2+ 43. Kg1 Rxb2 0-1

[Event "Summer Cup"]
[Site "Wellington Chess Club"]
[Date "2023.03.09"]
[Round "5.22"]
[White "Schwalger, Harry"]
[Black "Hooper, John"]
[Result "0-1"]
[WhiteElo "1500"]
[BlackElo "1244"]

1. d4 Nf6 2. Nc3 g6 3. e4 d6 4. Nf3 Bg7 5. Be3 O-O 6. Qd2 Ng4 7. O-O-O Nxe3 8.
Qxe3 Bg4 9. Be2 Bxf3 10. Bxf3 e5 11. d5 Qh4 12. g3 Qh3 13. Bg2 Qh5 14. Bf3 Qh3
15. Qe2 Qd7 16. g4 Qe7 17. h4 g5 18. h5 h6 19. Qc4 a6 20. a4 c5 21. dxc6 Nxc6
22. Nd5 Qe6 23. Nb6 Qxc4 24. Nxc4 Nd4 25. Rh3 Rac8 26. Ne3 b5 27. c3 Nb3+ 28.
Kb1 Rfd8 29. axb5 axb5 30. Nf5 Bf8 31. Kc2 Nc5 32. b4 Na4 33. Be2 Rb8 34. Kb3
Nb6 35. Bxb5 Na8 36. Rd5 Nc7 37. Bc4 Nxd5 38. Bxd5 Rd7 39. Rf3 Rb6 40. c4 Ra6
41. Rc3 Rda7 42. b5 Ra1 43. Kc2 R7a2+ 44. Kb3 Rxf2 45. Kb4 Rb2+ 46. Rb3 Rxb3+
47. Kxb3 Rg1 48. b6 Rb1+ 0-1

[Event "Summer Cup"]
[Site "Wellington Chess Club"]
[Date "2023.03.09"]
[Round "5.23"]
[White "Osborne, Geoff"]
[Black "Saglam, Azra"]
[Result "1/2-1/2"]
[WhiteElo "1468"]
[BlackElo "1000"]

1. e4 c6 2. d4 d5 3. exd5 cxd5 4. c4 e6 5. Nc3 Nf6 6. Bg5 Be7 7. Nf3 O-O 8. Bd3
Nc6 9. O-O h6 10. Bh4 b6 11. Re1 Na5 12. cxd5 exd5 13. Ne5 Bb7 14. Rc1 Rc8 15.
Bf5 Ra8 16. Bxf6 Bxf6 17. Nd7 Bg5 18. Nxf8 Bxc1 19. Ne6 fxe6 20. Bxe6+ Kh8 21.
Qxc1 Qf6 22. Bxd5 Bxd5 23. Nxd5 Qxd4 24. Ne7 Qd6 25. Qc2 Rd8 26. g3 Qd2 27.
Ng6+ Kg8 28. Ne7+ Kh8 29. Ng6+ Kg8 30. Re8+ Kf7 31. Qc7+ Kxg6 32. Rxd8 Qe1+ 33.
Kg2 Qe4+ 34. Kf1 Qb1+ 35. Kg2 Qe4+ 36. Kf1 Qb1+ 37. Kg2 1/2-1/2

[Event "Summer Cup"]
[Site "Wellington Chess Club"]
[Date "2023.03.09"]
[Round "5.27"]
[White "Benitez, Edgar"]
[Black "Carlyle, Mathieson"]
[Result "1-0"]
[WhiteElo "1930"]
[BlackElo "1620"]

1. d4 d5 2. c4 e6 3. Nc3 Bb4 4. Nf3 c5 5. e3 Nf6 6. a3 Bxc3+ 7. bxc3 dxc4 8.
Bxc4 Qa5 9. Bd2 b5 10. Bd3 c4 11. Bc2 Bb7 12. a4 Nbd7 13. axb5 Qxb5 14. Ba4 Qd5
15. Rb1 O-O 16. Rb5 Qe4 17. Rg5 Ba6 18. O-O Rab8 19. Bxd7 Nxd7 20. Qa4 Qb7 21.
h3 Bb5 22. Qc2 Bc6 23. Ne1 Be4 24. Qc1 h6 25. Rg3 Qb1 26. f3 Qxc1 27. Bxc1 Bd3
28. Nxd3 cxd3 29. e4 Rb1 30. Bxh6 Rxf1+ 31. Kxf1 Ra8 32. Rxg7+ Kh8 33. Rxf7 Nb6
34. Rb7 Nc4 35. Rc7 Na3 36. Ke1 Nb1 37. Rb7 d2+ 38. Bxd2 Nxd2 39. Kxd2 a5 40.
Rb2 1-0

[Event "Summer Cup"]
[Site "Wellington Chess Club"]
[Date "2023.03.09"]
[Round "5.28"]
[White "Fairbrother, Rebecca"]
[Black "Dutt, Rishay"]
[Result "0-1"]
[WhiteElo "1000"]
[BlackElo "1000"]

1. e4 d5 2. Qf3 Nf6 3. d3 Bg4 4. Qe3 d4 5. Qd2 Nc6 6. b3 e6 7. Ba3 Bd6 8. Be2
h5 9. c3 O-O 10. c4 Rb8 11. h3 Bxe2 12. Nxe2 b5 13. Qc2 Qc8 14. cxb5 Rxb5 15.
Qb2 Nb4 16. Nxd4 Nxd3+ 17. Ke2 Nxb2 18. Nxb5 Be5 19. Nd2 Qa6 20. Nc4 Qxb5 21.
g4 Qa6 22. g5 Nxe4 23. Rag1 Nc3+ 24. Kd2 Rd8+ 25. Kc2 Nxc4 26. Rd1 Rb8 27. Rd3
Qxa3 28. Ra1 Qb2# 0-1

[Event "Summer Cup"]
[Site "Wellington Chess Club"]
[Date "2023.03.09"]
[Round "5.29"]
[White "Hampshire, Thomas"]
[Black "Ulm, Eric"]
[Result "1-0"]
[WhiteElo "1000"]
[BlackElo "1522"]

1. e4 e6 2. d4 d5 3. Nd2 dxe4 4. Nxe4 Bd7 5. Nf3 Bc6 6. Bd3 Nd7 7. O-O Ngf6 8.
Nxf6+ Nxf6 9. c3 Be7 10. h3 O-O 11. Qe2 Bxf3 12. Qxf3 c6 13. Bg5 Rc8 14. Rfe1
a6 15. a4 Qc7 16. Bc2 Rcd8 17. Qd3 g6 18. Qf3 Nh5 19. Bh6 Rfe8 20. Bb3 Bd6 21.
Re4 Qb6 22. c4 Qa5 23. g4 f5 24. Rxe6 Rxe6 25. c5 Nf4 26. cxd6 1-0

[Event "Summer Cup"]
[Site "Wellington Chess Club"]
[Date "2023.03.09"]
[Round "5.30"]
[White "Hill, Matthew"]
[Black "Asher, Bruce"]
[Result "0-1"]
[WhiteElo "1000"]
[BlackElo "1064"]

1. e4 e6 2. Nc3 Nf6 3. d4 d5 4. e5 Ne4 5. Nxe4 dxe4 6. c3 Nc6 7. Bb5 Bd7 8. a4
a6 9. Be2 f6 10. Qb3 Na5 11. Qc2 Bc6 12. b4 e3 13. Bxe3 Bxg2 14. bxa5 Bxh1 15.
f3 Be7 16. Qb3 Qd5 17. Qxd5 exd5 18. e6 O-O-O 19. Kf2 Rd6 20. Bd3 g6 21. Nh3
Bxf3 22. Kxf3 Rxe6 23. Nf4 Rd6 24. c4 dxc4 25. Bxc4 f5 26. Be6+ Kb8 27. Rb1 g5
28. Bd5 c6 29. Bxc6 Rxc6 30. Nd5 Bd6 31. Nb6 Rc2 32. Nd7+ Kc7 33. Rb6 g4# 0-1